书目信息 |
| 题名: |
跨文化视域下的英美文学研究
|
|
| 作者: | 郭静 著 | |
| 分册: | ||
| 出版信息: | 长春 吉林大学出版社 2021.03 |
|
| 页数: | 163页 | |
| 开本: | 24cm | |
| 丛书名: | ||
| 单 册: | ||
| 中图分类: | I561.06 , I712.06 | |
| 科图分类: | ||
| 主题词: | 英国文学--ying guo wen xue--文学研究 , 文学研究--wen xue yan jiu--美国 | |
| 电子资源: | ||
| ISBN: | 978-7-5692-7499-8 | |
| 000 | 01085nam0 2200277 450 | |
| 001 | CAL 010341567 | |
| 005 | 20230303140836.90 | |
| 010 | @a978-7-5692-7499-8@dCNY48.00 | |
| 092 | @aCN@bRt971-2725 | |
| 100 | @a20210414d2021 em y0chiy0120 ea | |
| 101 | 0 | @achi |
| 102 | @aCN@b220000 | |
| 105 | @ay a 000yy | |
| 106 | @ar | |
| 200 | 1 | @a跨文化视域下的英美文学研究@Akua wen hua shi yu xia de ying mei wen xue yan jiu@f郭静著 |
| 210 | @a长春@c吉林大学出版社@d2021.03 | |
| 215 | @a163页@d24cm | |
| 320 | @a有书目 (第160-163页) | |
| 330 | @a本书围绕“跨文化视域下的英美文学研究”展开探讨, 在内容编排上共设置七章, 内容包括: 绪论、英美文学的价值与意义解读、英美文学中的批判性思维与女性文学、英美文学中的比较文学与生态文学、跨文化视域下的英美文学作品研究、英美文学中的中国与中国人、英美文学思想培养与跨文化意识培养研究等。 | |
| 606 | 0 | @a英国文学@Aying guo wen xue@x文学研究 |
| 606 | 0 | @a文学研究@Awen xue yan jiu@y美国 |
| 690 | @aI561.06@v5 | |
| 690 | @aI712.06@v5 | |
| 701 | 0 | @a郭静@Aguo jing@4著 |
| 801 | 0 | @aCN@bBJXHZP@c20230228 |
| 905 | @b1386945-8@dI561.06@e1366@f4 | |
| 跨文化视域下的英美文学研究/郭静著.-长春:吉林大学出版社,2021.03 |
| 163页;24cm |
| ISBN 978-7-5692-7499-8:CNY48.00 |
| 本书围绕“跨文化视域下的英美文学研究”展开探讨, 在内容编排上共设置七章, 内容包括: 绪论、英美文学的价值与意义解读、英美文学中的批判性思维与女性文学、英美文学中的比较文学与生态文学、跨文化视域下的英美文学作品研究、英美文学中的中国与中国人、英美文学思想培养与跨文化意识培养研究等。 |
| ● |
| 相关链接 |
|
|
|
|
正题名:跨文化视域下的英美文学研究
索取号:I561.06/1366
 
预约/预借
| 序号 | 登录号 | 条形码 | 馆藏地/架位号 | 状态 | 备注 |
| 1 | 1386945 | 213869456 | 第一样本阅览室/ [索取号:I561.06/1366] | 在馆 | |
| 2 | 1386946 | 213869465 | 第二借阅区/ [索取号:I561.06/1366] | 在馆 | |
| 3 | 1386947 | 213869474 | 第二借阅区/ [索取号:I561.06/1366] | 在馆 | |
| 4 | 1386948 | 213869483 | 第二借阅区/ [索取号:I561.06/1366] | 在馆 |